| 000 | 00802nam a22002057a 4500 | ||
|---|---|---|---|
| 003 | BD-DhUL | ||
| 005 | 20170516093613.0 | ||
| 008 | 170516b1992 bg p|||| |||| 00| 0 eng d | ||
| 040 |
_aBD-DhUL _cBD-DhUL |
||
| 082 |
_a891.44 _bASK |
||
| 100 | 1 | _aআজাদ, আবিদ | |
| 245 | 1 | 0 |
_aআসকার রচনাবলী ১ / _cআবিদ আজাদ ও মাহবুব হাসান |
| 260 |
_aঢাকা : _bশিল্পতরু, _c১৯৯২. |
||
| 300 |
_a[৮], ৩২০ পৃ. : _bচিত্র ; _c২২ সেমি. |
||
| 504 | _aগ্রন্থপঞ্জিগত তথ্য সংবলিত | ||
| 650 | 4 | _aবাংলা সাহিত্য | |
| 650 | 4 | _aBangla Literature | |
| 700 | 1 | _aহাসান, মাহবুব | |
| 942 |
_2ddc _cBK |
||
| 999 |
_c197374 _d197374 |
||